[Event "ESTCC 50 2019"]
[Site "Mali Losinj"]
[Date "2019.09.22"]
[Round "5.12"]
[White "Spacek, Petr"]
[Black "Ernst, Michael"]
[Result "1/2-1/2"]
[WhiteElo "2352"]
[BlackElo "2199"]
[Annotator "NA"]
[PlyCount "111"]
[EventDate "2019.09.18"]
[EventType "team-tourn"]
[EventCountry "CRO"]
[SourceTitle "playchess.com"]
[Source "ChessBase"]
[SourceQuality "1"]
[WhiteTeam "Czech Republic"]
[BlackTeam "Austria"]
[WhiteTeamCountry "CZE"]
[BlackTeamCountry "AUT"]
[TimeControl "40/5400+30:1800+30"]

1. c4 {[%emt 0:00:30]} e6 {[%emt 0:00:30]} 2. Nf3 {[%emt 0:00:30]} d5 {[%emt 0:00:00]} 3. d4 {[%emt 0:02:30]} Nf6 {[%emt 0:00:00]} 4. cxd5 {[%emt 0:01:30]} exd5 {[%emt 0:00:30]} 5. Nc3 {[%emt 0:00:30]} c6 {[%emt 0:00:30]} 6. Qc2 {[%emt 0:02:30]} g6 {[%emt 0:02:30]} 7. Bg5 {[%emt 0:01:30]} Be7 {[%emt 0:06:30]} 8. e3 {[%emt 0:04:30]} Bf5 {[%emt 0:01:30]} 9. Qb3 {[%emt 0:01:30]} Qb6 {[%emt 0:00:30]} 10. Be2 {[%emt 0:00:30]} Nbd7 {[%emt 0:03:30]} 11. Nd2 {[%emt 0:02:30]} Qxb3 {[%emt 0:04:30]} 12. Nxb3 {[%emt 0:00:30]} h6 {[%emt 0:01:30]} 13. Bh4 {[%emt 0:00:30]} a5 {[%emt 0:02:30]} 14. a3 {[%emt 0:04:30]} Ne4 {[%emt 0:03:30]} 15. Nxe4 {[%emt 0:00:30]} Bxe4 {[%emt 0:00:30]} 16. Bxe7 {[%emt 0:00:30]} Kxe7 {[%emt 0:00:00]} 17. O-O {[%emt 0:00:30]} Rhe8 {[%emt 0:02:00]} 18. Rac1 {[%emt 0:01:30]} Kd6 {[%emt 0:09:30]} 19. Rc3 {[%emt 0:08:30]} g5 {[%emt 0:04:30]} 20. Nc5 {[%emt 0:04:30]} Nxc5 {[%emt 0:02:30]} 21. dxc5+ {[%emt 0:00:30]} Kc7 {[%emt 0:02:30]} 22. Bh5 {[%emt 0:01:30]} Bg6 {[%emt 0:00:30]} 23. Bxg6 {[%emt 0:01:30]} fxg6 {[%emt 0:00:30]} 24. f3 {[%emt 0:03:30]} Re7 {[%emt 0:06:30]} 25. Rd1 {[%emt 0:00:30]} Rae8 {[%emt 0:00:30]} 26. Kf2 {[%emt 0:00:00]} Rf7 {[%emt 0:00:30]} 27. h3 {[%emt 0:00:00]} b5 {[%emt 0:04:30]} 28. Rd4 {[%emt 0:03:30]} Rfe7 {[%emt 0:03:30]} 29. Rdd3 {[%emt 0:04:30]} Rf7 {[%emt 0:01:30]} 30. Rc2 {[%emt 0:00:30]} Rfe7 {[%emt 0:00:00]} 31. Re2 {[%emt 0:01:30]} Re5 {[%emt 0:00:00]} 32. Rd4 {[%emt 0:04:30]} R8e7 {[%emt 0:01:30]} 33. b4 {[%emt 0:03:30]} Re8 {[%emt 0:05:30]} 34. e4 {[%emt 0:07:30]} axb4 {[%emt 0:04:30]} 35. axb4 {[%emt 0:00:30]} dxe4 {[%emt 0:01:30]} 36. Rdxe4 {[%emt 0:01:30]} Rxe4 {[%emt 0:00:00]} 37. fxe4 {[%emt 0:00:30]} Ra8 {[%emt 0:02:00]} 38. e5 {[%emt 0:08:30]} Ra4 {[%emt 0:02:30]} 39. e6 {[%emt 0:01:30]} Kd8 {[%emt 0:00:30]} 40. e7+ {[%emt 0:00:30]} Ke8 {[%emt 0:00:00]} 41. Re4 {[%emt 0:30:30]} Ra2+ {[%emt 0:31:00]} 42. Kg3 {[%emt 0:04:30]} Ra3+ {[%emt 0:03:30]} 43. Kh2 {[%emt 0:17:37]} Ra4 {[%emt 0:00:00]} 44. Kg3 {[%emt 0:00:00]} Ra3+ {[%emt 0:00:00]} 45. Kg4 {[%emt 0:00:00]} Rb3 {[%emt 0:00:00]} 46. g3 {[%emt 0:00:00]} Rc3 {[%emt 0:00:00]} 47. Re6 {[%emt 0:00:00]} Rc4+ {[%emt 0:00:00]} 48. Kf3 {[%emt 0:00:00]} Rxb4 {[%emt 0:00:00]} 49. Rxc6 {[%emt 0:00:00]} Rb3+ {[%emt 0:00:00]} 50. Kf2 {[%emt 0:00:00]} Kxe7 {[%emt 0:00:00]} 51. Rxg6 {[%emt 0:00:00]} Rc3 {[%emt 0:00:00]} 52. c6 {[%emt 0:00:00]} b4 {[%emt 0:00:00]} 53. Rxh6 {[%emt 0:00:00]} b3 {[%emt 0:00:00]} 54. c7 {[%emt 0:00:00]} Rxc7 {[%emt 0:00:00]} 55. Rb6 {[%emt 0:00:00]} Rc3 {[%emt 0:00:00]} 56. h4 {[%emt 0:00:00]} 1/2-1/2

[Event "ESTCC 50 2019"]
[Site "Mali Losinj"]
[Date "2019.09.22"]
[Round "5.13"]
[White "Wallace, Paul"]
[Black "Sulc, Damir"]
[Result "1-0"]
[WhiteElo "2153"]
[BlackElo "2207"]
[Annotator "NA"]
[PlyCount "55"]
[EventDate "2019.09.18"]
[EventType "team-tourn"]
[EventCountry "CRO"]
[SourceTitle "playchess.com"]
[Source "ChessBase"]
[SourceQuality "1"]
[WhiteTeam "IRL"]
[BlackTeam "CRO"]
[WhiteTeamCountry "AUS"]
[BlackTeamCountry "CRO"]
[TimeControl "40/5400+30:1800+30"]

1. e4 {[%emt 0:00:30]} c5 {[%emt 0:00:30]} 2. Nc3 {[%emt 0:00:00]} Nc6 {[%emt 0:02:30]} 3. Nf3 {[%emt 0:00:00]} g6 {[%emt 0:00:00]} 4. d4 {[%emt 0:00:00]} cxd4 {[%emt 0:00:00]} 5. Nxd4 {[%emt 0:00:00]} Bg7 {[%emt 0:00:30]} 6. Be3 {[%emt 0:00:30]} d6 {[%emt 0:02:30]} 7. Qd2 {[%emt 0:00:30]} Nf6 {[%emt 0:00:00]} 8. f3 {[%emt 0:00:00]} O-O {[%emt 0:01:00]} 9. O-O-O {[%emt 0:00:00]} d5 {[%emt 0:01:30]} 10. exd5 {[%emt 0:00:30]} Nxd5 {[%emt 0:00:00]} 11. Nxc6 {[%emt 0:00:00]} bxc6 {[%emt 0:00:00]} 12. Bd4 {[%emt 0:00:00]} Bxd4 {[%emt 0:00:30]} 13. Qxd4 {[%emt 0:00:30]} Qb6 {[%emt 0:00:30]} 14. Na4 {[%emt 0:01:30]} Qc7 {[%emt 0:01:30]} 15. g3 {[%emt 0:08:30]} Bf5 {[%emt 0:06:30]} 16. Bc4 {[%emt 0:22:30]} Rfd8 {[%emt 0:30:30]} 17. Qc5 {[%emt 0:05:30]} Nb6 {[%emt 0:03:30]} 18. Bb3 {[%emt 0:00:30]} Be6 {[%emt 0:00:30]} 19. Bxe6 {[%emt 0:05:30]} Nxa4 {[%emt 0:09:30]} 20. Bxf7+ {[%emt 0:15:30]} Kg7 {[%emt 0:01:30]} 21. Qc4 {[%emt 0:00:00]} Nxb2 {[%emt 0:00:30]} 22. Kxb2 {[%emt 0:03:00]} Qe5+ {[%emt 0:20:49]} 23. c3 {[%emt 0:02:30]} Qe3 {[%emt 0:09:33]} 24. Be6 {[%emt 0:14:30]} Rab8+ {[%emt 0:04:00]} 25. Ka1 {[%emt 0:00:30]} Qxf3 {[%emt 0:00:56]} 26. Bg4 {[%emt 0:06:06]} Qf2 {[%emt 0:01:34]} 27. Qe2 {[%emt 0:05:10]} Qf6 {[%emt 0:01:32]} 28. Qe3 {[%emt 0:00:24]} 1-0

[Event "ESTCC 50 2019"]
[Site "Mali Losinj"]
[Date "2019.09.22"]
[Round "5.14"]
[White "Dusper, Hrvoje"]
[Black "Fox, Anthony"]
[Result "1-0"]
[WhiteElo "2221"]
[BlackElo "2023"]
[Annotator "NA"]
[PlyCount "129"]
[EventDate "2019.09.18"]
[EventType "team-tourn"]
[EventCountry "CRO"]
[SourceTitle "playchess.com"]
[Source "ChessBase"]
[SourceQuality "1"]
[WhiteTeam "CRO"]
[BlackTeam "IRL"]
[WhiteTeamCountry "CRO"]
[BlackTeamCountry "IRL"]
[TimeControl "40/5400+30:1800+30"]

1. e4 {[%emt 0:00:30]} e5 {[%emt 0:00:30]} 2. Nf3 {[%emt 0:00:30]} Nc6 {[%emt 0:00:00]} 3. Bb5 {[%emt 0:01:30]} a6 {[%emt 0:00:00]} 4. Ba4 {[%emt 0:00:00]} Nf6 {[%emt 0:00:30]} 5. O-O {[%emt 0:00:00]} Be7 {[%emt 0:00:00]} 6. Re1 {[%emt 0:00:30]} b5 {[%emt 0:00:00]} 7. Bb3 {[%emt 0:00:00]} d6 {[%emt 0:00:30]} 8. c3 {[%emt 0:00:00]} O-O {[%emt 0:00:00]} 9. h3 {[%emt 0:01:30]} Bb7 {[%emt 0:01:00]} 10. d4 {[%emt 0:01:30]} Re8 {[%emt 0:01:30]} 11. Nbd2 {[%emt 0:01:30]} Bf8 {[%emt 0:01:30]} 12. Bc2 {[%emt 0:00:30]} g6 {[%emt 0:03:30]} 13. d5 {[%emt 0:07:30]} Nb8 {[%emt 0:01:30]} 14. b3 {[%emt 0:00:00]} c6 {[%emt 0:02:30]} 15. c4 {[%emt 0:00:00]} Nbd7 {[%emt 0:07:30]} 16. Nf1 {[%emt 0:01:30]} h6 {[%emt 0:11:30]} 17. Ng3 {[%emt 0:03:30]} b4 {[%emt 0:09:30]} 18. Rf1 {[%emt 0:08:30]} a5 {[%emt 0:07:30]} 19. Ne1 {[%emt 0:04:30]} cxd5 {[%emt 0:02:30]} 20. cxd5 {[%emt 0:01:30]} Bg7 {[%emt 0:05:30]} 21. Be3 {[%emt 0:06:30]} Ba6 {[%emt 0:13:30]} 22. Bd3 {[%emt 0:00:30]} Nc5 {[%emt 0:02:30]} 23. Bxc5 {[%emt 0:03:30]} dxc5 {[%emt 0:00:30]} 24. Bxa6 {[%emt 0:00:30]} Rxa6 {[%emt 0:00:30]} 25. Nd3 {[%emt 0:00:00]} Qd6 {[%emt 0:04:30]} 26. Nb2 {[%emt 0:02:00]} Nd7 {[%emt 0:04:30]} 27. Nc4 {[%emt 0:01:30]} Qe7 {[%emt 0:01:01]} 28. Qc2 {[%emt 0:00:30]} h5 {[%emt 0:03:43]} 29. Rfe1 {[%emt 0:04:30]} Rea8 {[%emt 0:02:42]} 30. Rad1 {[%emt 0:15:30]} a4 {[%emt 0:01:13]} 31. Nf1 {[%emt 0:01:30]} axb3 {[%emt 0:00:20]} 32. axb3 {[%emt 0:00:00]} Ra2 {[%emt 0:01:02]} 33. Qd3 {[%emt 0:00:00]} Qf6 {[%emt 0:02:26]} 34. Re2 {[%emt 0:00:30]} Rxe2 {[%emt 0:02:05]} 35. Qxe2 {[%emt 0:00:30]} Qa6 {[%emt 0:02:28]} 36. Qd3 {[%emt 0:03:30]} Qf6 {[%emt 0:01:33]} 37. Qc2 {[%emt 0:05:30]} Ra6 {[%emt 0:01:53]} 38. Qe2 {[%emt 0:03:30]} Ra7 {[%emt 0:02:02]} 39. g3 {[%emt 0:00:30]} Qa6 {[%emt 0:02:23]} 40. Qd3 {[%emt 0:00:30]} Qf6 {[%emt 0:00:42]} 41. Kg2 {[%emt 0:31:30]} Ra2 {[%emt 0:30:23]} 42. Rd2 {[%emt 0:00:00]} Rxd2 {[%emt 0:00:00]} 43. Qxd2 {[%emt 0:00:00]} Qa6 {[%emt 0:00:00]} 44. Qd3 {[%emt 0:00:00]} Qa1 {[%emt 0:00:00]} 45. Nfe3 {[%emt 0:00:00]} Qd4 {[%emt 0:00:00]} 46. Qxd4 {[%emt 0:00:00]} exd4 {[%emt 0:00:00]} 47. Nd1 {[%emt 0:00:00]} f5 {[%emt 0:00:00]} 48. f3 {[%emt 0:00:00]} fxe4 {[%emt 0:00:00]} 49. fxe4 {[%emt 0:00:00]} Kf7 {[%emt 0:00:00]} 50. Ndb2 {[%emt 0:00:00]} Be5 {[%emt 0:00:00]} 51. Nd3 {[%emt 0:00:00]} Kf6 {[%emt 0:00:00]} 52. Ncxe5 {[%emt 0:00:00]} Nxe5 {[%emt 0:00:00]} 53. Nxc5 {[%emt 0:00:00]} g5 {[%emt 0:00:00]} 54. Kf2 {[%emt 0:00:00]} h4 {[%emt 0:02:30]} 55. gxh4 {[%emt 0:00:00]} gxh4 {[%emt 0:00:08]} 56. Ke2 {[%emt 0:00:00]} Nf7 {[%emt 0:01:38]} 57. Kd3 {[%emt 0:00:00]} Ng5 {[%emt 0:00:13]} 58. Kxd4 {[%emt 0:00:00]} Nxh3 {[%emt 0:00:11]} 59. e5+ {[%emt 0:00:00]} Ke7 {[%emt 0:01:32]} 60. d6+ {[%emt 0:01:30]} Ke8 {[%emt 0:00:30]} 61. e6 {[%emt 0:12:05]} Ng5 {[%emt 0:00:40]} 62. Kd5 {[%emt 0:01:16]} h3 {[%emt 0:00:16]} 63. Nb7 {[%emt 0:00:17]} Nf7 {[%emt 0:01:56]} 64. d7+ {[%emt 0:00:09]} Ke7 {[%emt 0:00:30]} 65. exf7 {[%emt 0:00:08]} 1-0

[Event "ESTCC 50 2019"]
[Site "Mali Losinj"]
[Date "2019.09.22"]
[Round "5.15"]
[White "Cafolla, Peter"]
[Black "Martic, Zlatko"]
[Result "0-1"]
[WhiteElo "1919"]
[BlackElo "2283"]
[Annotator "NA"]
[PlyCount "84"]
[EventDate "2019.09.18"]
[EventType "team-tourn"]
[EventCountry "CRO"]
[SourceTitle "playchess.com"]
[Source "ChessBase"]
[SourceQuality "1"]
[WhiteTeam "Ireland"]
[BlackTeam "Croatia"]
[WhiteTeamCountry "IRL"]
[BlackTeamCountry "CRO"]
[TimeControl "40/5400+30:1800+30"]

1. e4 {[%emt 0:00:30]} c6 {[%emt 0:00:30]} 2. d4 {[%emt 0:00:00]} d5 {[%emt 0:00:30]} 3. f3 {[%emt 0:00:00]} Qb6 {[%emt 0:00:30]} 4. Nc3 {[%emt 0:00:30]} e6 {[%emt 0:03:30]} 5. Nge2 {[%emt 0:03:30]} a6 {[%emt 0:05:30]} 6. Qd3 {[%emt 0:09:30]} Nf6 {[%emt 0:01:30]} 7. e5 {[%emt 0:14:30]} Nfd7 {[%emt 0:01:30]} 8. b3 {[%emt 0:02:30]} c5 {[%emt 0:01:30]} 9. f4 {[%emt 0:03:30]} Nc6 {[%emt 0:03:30]} 10. Na4 {[%emt 0:00:30]} Qc7 {[%emt 0:01:30]} 11. c3 {[%emt 0:01:30]} cxd4 {[%emt 0:01:30]} 12. Nxd4 {[%emt 0:00:30]} b5 {[%emt 0:01:30]} 13. Nb2 {[%emt 0:04:30]} Nc5 {[%emt 0:04:30]} 14. Qe3 {[%emt 0:07:30]} Ne4 {[%emt 0:01:30]} 15. Bd2 {[%emt 0:01:30]} b4 {[%emt 0:08:30]} 16. Na4 {[%emt 0:06:30]} bxc3 {[%emt 0:01:30]} 17. Bxc3 {[%emt 0:02:30]} Nxc3 {[%emt 0:12:30]} 18. Nxc3 {[%emt 0:00:30]} Qb6 {[%emt 0:08:30]} 19. O-O-O {[%emt 0:06:30]} Bc5 {[%emt 0:00:30]} 20. Nce2 {[%emt 0:00:30]} Bd7 {[%emt 0:03:30]} 21. Qd2 {[%emt 0:02:30]} a5 {[%emt 0:05:30]} 22. h4 {[%emt 0:02:30]} O-O {[%emt 0:02:30]} 23. Rh3 {[%emt 0:01:30]} Rfc8 {[%emt 0:00:30]} 24. Kb1 {[%emt 0:01:30]} a4 {[%emt 0:05:30]} 25. Nxc6 {[%emt 0:01:30]} Qxc6 {[%emt 0:03:30]} 26. Nc1 {[%emt 0:04:30]} Bb4 {[%emt 0:01:30]} 27. Qb2 {[%emt 0:02:57]} Bc3 {[%emt 0:01:06]} 28. Qc2 {[%emt 0:01:35]} axb3 {[%emt 0:04:20]} 29. Nxb3 {[%emt 0:01:11]} d4 {[%emt 0:02:44]} 30. Bd3 {[%emt 0:01:52]} Qb6 {[%emt 0:01:49]} 31. Bxh7+ {[%emt 0:03:14]} Kf8 {[%emt 0:01:02]} 32. Be4 {[%emt 0:00:08]} Ra3 {[%emt 0:00:40]} 33. Rdd3 {[%emt 0:05:25]} Ba4 {[%emt 0:01:39]} 34. Rxc3 {[%emt 0:04:41]} Rxc3 {[%emt 0:00:47]} 35. Rxc3 {[%emt 0:01:06]} dxc3 {[%emt 0:00:09]} 36. Qc1 {[%emt 0:00:55]} Qb4 {[%emt 0:04:17]} 37. Bc2 {[%emt 0:01:50]} Bxb3 {[%emt 0:00:55]} 38. Bxb3 {[%emt 0:01:13]} Ra8 {[%emt 0:00:35]} 39. Qd1 {[%emt 0:00:54]} Qxf4 {[%emt 0:00:55]} 40. Qd6+ {[%emt 0:01:02]} Kg8 {[%emt 0:00:00]} 41. Qc6 {[%emt 0:02:27]} Qf1+ {[%emt 0:10:32]} 42. Kc2 {[%emt 0:00:00]} Rd8 {[%emt 0:01:30]} 0-1

[Event "ESTCC 50 2019"]
[Site "Mali Losinj"]
[Date "2019.09.22"]
[Round "5.16"]
[White "Tirkajla, Boris"]
[Black "Salter, David"]
[Result "1-0"]
[WhiteElo "2060"]
[BlackElo "1882"]
[Annotator "NA"]
[PlyCount "73"]
[EventDate "2019.09.18"]
[EventType "team-tourn"]
[EventCountry "CRO"]
[SourceTitle "playchess.com"]
[Source "ChessBase"]
[SourceQuality "1"]
[WhiteTeam "Croatia"]
[BlackTeam "Ireland"]
[WhiteTeamCountry "CRO"]
[BlackTeamCountry "IRL"]
[TimeControl "40/5400+30:1800+30"]

1. f4 {[%emt 0:00:30]} f5 {[%emt 0:00:30]} 2. b3 {[%emt 0:00:30]} Nf6 {[%emt 0:00:30]} 3. Nf3 {[%emt 0:00:30]} e6 {[%emt 0:00:30]} 4. Bb2 {[%emt 0:00:30]} Be7 {[%emt 0:00:30]} 5. g3 {[%emt 0:03:30]} O-O {[%emt 0:01:30]} 6. Bg2 {[%emt 0:00:30]} d6 {[%emt 0:02:30]} 7. O-O {[%emt 0:02:30]} Nc6 {[%emt 0:00:00]} 8. e3 {[%emt 0:01:30]} Bd7 {[%emt 0:01:00]} 9. Qe2 {[%emt 0:06:30]} Qe8 {[%emt 0:01:30]} 10. Nc3 {[%emt 0:05:30]} e5 {[%emt 0:08:30]} 11. fxe5 {[%emt 0:01:30]} dxe5 {[%emt 0:00:30]} 12. Nb5 {[%emt 0:12:30]} Bd8 {[%emt 0:04:30]} 13. Ba3 {[%emt 0:03:30]} Ne7 {[%emt 0:08:30]} 14. Nc3 {[%emt 0:07:30]} e4 {[%emt 0:00:30]} 15. Nd4 {[%emt 0:03:30]} Rf7 {[%emt 0:02:30]} 16. Bxe7 {[%emt 0:07:30]} Qxe7 {[%emt 0:01:30]} 17. Nxf5 {[%emt 0:00:30]} Qe5 {[%emt 0:00:30]} 18. Bh3 {[%emt 0:05:30]} c6 {[%emt 0:05:30]} 19. Qg2 {[%emt 0:04:30]} Ba5 {[%emt 0:04:30]} 20. Nd4 {[%emt 0:02:30]} c5 {[%emt 0:05:30]} 21. Nde2 {[%emt 0:02:30]} Rd8 {[%emt 0:02:30]} 22. Rad1 {[%emt 0:00:30]} g5 {[%emt 0:02:30]} 23. Bxd7 {[%emt 0:03:30]} Rfxd7 {[%emt 0:00:30]} 24. Rxf6 {[%emt 0:04:30]} Qxf6 {[%emt 0:00:30]} 25. Nxe4 {[%emt 0:00:30]} Qe5 {[%emt 0:03:30]} 26. d3 {[%emt 0:06:23]} Rf7 {[%emt 0:04:30]} 27. g4 {[%emt 0:01:20]} b5 {[%emt 0:03:30]} 28. N2g3 {[%emt 0:02:49]} Rg7 {[%emt 0:04:30]} 29. Rf1 {[%emt 0:01:28]} Rf8 {[%emt 0:02:30]} 30. Nf5 {[%emt 0:00:22]} Rg6 {[%emt 0:00:30]} 31. Qf3 {[%emt 0:00:42]} Kh8 {[%emt 0:02:30]} 32. Neg3 {[%emt 0:02:24]} Bc7 {[%emt 0:04:30]} 33. Rf2 {[%emt 0:01:08]} Ra6 {[%emt 0:01:30]} 34. d4 {[%emt 0:01:17]} cxd4 {[%emt 0:03:19]} 35. exd4 {[%emt 0:00:26]} Qe8 {[%emt 0:04:24]} 36. d5 {[%emt 0:03:17]} Bb6 {[%emt 0:00:35]} 37. Qc3+ {[%emt 0:00:23]} 1-0

[Event "ESTCC 50 2019"]
[Site "Mali Losinj"]
[Date "2019.09.22"]
[Round "5.17"]
[White "Jackson, Sheila"]
[Black "Ledger, Andrew J"]
[Result "0-1"]
[WhiteElo "2046"]
[BlackElo "2343"]
[Annotator "TA"]
[PlyCount "86"]
[EventDate "2019.09.18"]
[EventType "team-tourn"]
[EventCountry "CRO"]
[SourceTitle "playchess.com"]
[Source "ChessBase"]
[SourceQuality "1"]
[WhiteTeam "England"]
[BlackTeam "England"]
[WhiteTeamCountry "ENG"]
[BlackTeamCountry "ENG"]

{[%evp 27,86,-24,-20,-25,-21,-22,-4,-16,-2,-5,0,-14,0,0,0,0,0,0,0,0,0,-18,-20,-18,-16,-32,-16,-17,-17,-81,-81,-92,-71,-133,-86,-86,-16,-71,-79,-87,-87,-102,-87,-263,-221,-434,-429,-525,-525,-1084,-866,-4694,-2777,-6412,-6412,-6385,-6379,-6270,-6279,-2237,-1905]} 1. e4 c5 2. c3 Nf6 3. e5 Nd5 4. d4 cxd4 5. Nf3 e6 6. cxd4 d6 7. Nc3 Nxc3 8. bxc3 Qc7 9. Bd2 Nd7 10. exd6 Bxd6 11. Bd3 O-O 12. O-O b6 13. Re1 Bb7 14. h3 Bf4 15. Bxf4 {B22: Sicilian: 2 c3} Qxf4 16. Re3 (16. Ne5 Nxe5 17. Rxe5 Rac8 18. Qe1 Rc7 19. a4 Rfc8 20. Ra3 Bd5 21. Ba6 Rb8 22. Qe3 Qxe3 23. Rxe3 {½-½ (32) Hovhannisyan,M (2513)-Malakhatko,V (2560) Charleroi 2014}) 16... Rfd8 17. a4 {The position is equal.} Rac8 $146 ({Predecessor:} 17... Bxf3 18. Rxf3 Qc7 19. Qe2 Nf8 20. Rd1 Rac8 21. Ba6 Ra8 22. c4 e5 23. d5 Qd6 24. Ra1 Nd7 25. Bb7 {½-½ (25) Nieto,E (2276)-Ducarmon,Q (2086) Brasschaat 2008}) 18. a5 g6 19. axb6 (19. Qb3 {seems wilder.} Qc7 20. axb6 axb6 21. Bf1 Nf6 22. c4) 19... axb6 20. Ba6 (20. Qe1 {keeps more tension.} Qc7 21. Bb5 Nf6 22. c4 Qf4 23. d5) 20... Bxa6 21. Rxa6 Qd6 22. Qb3 Rc6 23. g3 Rdc8 24. Ne5 Nxe5 25. dxe5 Qc7 26. h4 h5 27. Qa3 Rc5 28. Ra7 (28. Ra8 $1 $11 {keeps the balance.}) 28... Qc6 $17 29. Ra6 Rd8 ({Reject} 29... Rxc3 $6 30. Rxc3 Qxc3 31. Qxc3 $11) 30. Qb3 ({Better is} 30. Qa4) 30... Rb5 $36 {[%mdl 2048] Black is really pushing.} 31. Qc2 Rbd5 (31... Ra5 $17 32. Rxa5 bxa5) 32. Ra1 (32. Qe4 $11 {remains equal.}) 32... Rc5 33. Rb1 Rdd5 34. Rbe1 Qc7 35. f4 $2 (35. Qb2 $17 {might work better.}) 35... Rc4 36. Rb1 $2 (36. Kh2 {keeps fighting.}) 36... Qc5 $19 {Black is clearly winning.} 37. Kf2 b5 38. Rb3 {[#]} Rcd4 $1 {[%mdl 512] ( -> ...Rd2+)} 39. Rb2 (39. cxd4 Qxc2+) 39... Rd3 40. Qc1 Rd1 41. Qc2 R5d3 42. Qe2 Rxe3 43. Qxe3 {[#]} Rf1+ $1 {[%mdl 512] Accuracy: White = 18%, Black = 64%.} 0-1

[Event "ESTCC 50 2019"]
[Site "Mali Losinj"]
[Date "2019.09.22"]
[Round "5.18"]
[White "Lewis, Andrew P"]
[Black "Mashayekh, Majid"]
[Result "1-0"]
[WhiteElo "2294"]
[BlackElo "1875"]
[Annotator "NA"]
[PlyCount "79"]
[EventDate "2019.09.18"]
[EventType "team-tourn"]
[EventCountry "CRO"]
[SourceTitle "playchess.com"]
[Source "ChessBase"]
[SourceQuality "1"]
[WhiteTeam "England"]
[BlackTeam "England"]
[WhiteTeamCountry "ENG"]
[BlackTeamCountry "ENG"]
[TimeControl "40/5400+30:1800+30"]

1. d4 {[%emt 0:00:30]} Nf6 {[%emt 0:00:30]} 2. c4 {[%emt 0:00:00]} e6 {[%emt 0:00:30]} 3. Nc3 {[%emt 0:00:00]} d5 {[%emt 0:00:30]} 4. cxd5 {[%emt 0:00:30]} exd5 {[%emt 0:00:30]} 5. Bg5 {[%emt 0:00:00]} Be7 {[%emt 0:00:30]} 6. e3 {[%emt 0:00:00]} c6 {[%emt 0:01:30]} 7. Qc2 {[%emt 0:02:30]} Nbd7 {[%emt 0:01:30]} 8. Bd3 {[%emt 0:00:30]} O-O {[%emt 0:04:30]} 9. Nge2 {[%emt 0:00:30]} Re8 {[%emt 0:00:30]} 10. O-O {[%emt 0:05:30]} Nf8 {[%emt 0:04:30]} 11. Rae1 {[%emt 0:00:30]} Nh5 {[%emt 0:06:30]} 12. Bxe7 {[%emt 0:02:30]} Qxe7 {[%emt 0:00:30]} 13. Qd2 {[%emt 0:09:30]} Nf6 {[%emt 0:03:30]} 14. Ng3 {[%emt 0:04:30]} Be6 {[%emt 0:10:30]} 15. a3 {[%emt 0:07:30]} Rad8 {[%emt 0:12:30]} 16. h3 {[%emt 0:01:30]} a6 {[%emt 0:03:30]} 17. b4 {[%emt 0:02:30]} a5 {[%emt 0:01:30]} 18. Qb2 {[%emt 0:07:30]} axb4 {[%emt 0:05:30]} 19. axb4 {[%emt 0:00:30]} Ra8 {[%emt 0:00:30]} 20. Ra1 {[%emt 0:02:30]} b5 {[%emt 0:07:30]} 21. Nce2 {[%emt 0:05:30]} g5 {[%emt 0:05:30]} 22. Rfc1 {[%emt 0:03:30]} Qd7 {[%emt 0:03:30]} 23. Qc2 {[%emt 0:05:30]} Rxa1 {[%emt 0:06:30]} 24. Rxa1 {[%emt 0:00:30]} Rc8 {[%emt 0:00:30]} 25. Nc1 {[%emt 0:04:30]} Qd6 {[%emt 0:03:36]} 26. Qc3 {[%emt 0:05:30]} Ng6 {[%emt 0:01:56]} 27. Nb3 {[%emt 0:01:30]} Ne7 {[%emt 0:03:33]} 28. Ra7 {[%emt 0:04:30]} Re8 {[%emt 0:05:37]} 29. Nc5 {[%emt 0:06:14]} Bc8 {[%emt 0:01:07]} 30. Qd2 {[%emt 0:02:58]} h6 {[%emt 0:00:41]} 31. Qd1 {[%emt 0:04:03]} Qb8 {[%emt 0:01:23]} 32. Qa1 {[%emt 0:01:03]} Kf8 {[%emt 0:01:41]} 33. Qa5 {[%emt 0:05:08]} Qd6 {[%emt 0:01:44]} 34. Qb6 {[%emt 0:01:50]} Nd7 {[%emt 0:01:31]} 35. Qc7 {[%emt 0:01:34]} Qxc7 {[%emt 0:00:19]} 36. Rxc7 {[%emt 0:00:02]} Nb6 {[%emt 0:00:42]} 37. Nh5 {[%emt 0:03:05]} Bf5 {[%emt 0:00:33]} 38. Bxf5 {[%emt 0:00:46]} Nxf5 {[%emt 0:00:04]} 39. Rxc6 {[%emt 0:00:15]} Rb8 {[%emt 0:00:40]} 40. Rxb6 {[%emt 0:00:53]} 1-0

[Event "ESTCC 50 2019"]
[Site "Mali Losinj"]
[Date "2019.09.22"]
[Round "5.19"]
[White "Wood, Peter R"]
[Black "Ledger, Dave J"]
[Result "0-1"]
[WhiteElo "1884"]
[BlackElo "2134"]
[Annotator "NA"]
[PlyCount "60"]
[EventDate "2019.09.18"]
[EventType "team-tourn"]
[EventCountry "CRO"]
[SourceTitle "playchess.com"]
[Source "ChessBase"]
[SourceQuality "1"]
[WhiteTeam "ENG"]
[BlackTeam "ENG"]
[WhiteTeamCountry "ENG"]
[BlackTeamCountry "ENG"]
[TimeControl "40/5400+30:1800+30"]

1. e4 {[%emt 0:00:30]} e5 {[%emt 0:00:30]} 2. Bc4 {[%emt 0:00:00]} Nf6 {[%emt 0:00:30]} 3. Nc3 {[%emt 0:00:00]} Nxe4 {[%emt 0:01:30]} 4. Qh5 {[%emt 0:03:30]} Nd6 {[%emt 0:00:30]} 5. Qxe5+ {[%emt 0:01:30]} Qe7 {[%emt 0:00:30]} 6. Qxe7+ {[%emt 0:00:30]} Bxe7 {[%emt 0:00:00]} 7. Bb3 {[%emt 0:01:30]} Nf5 {[%emt 0:03:00]} 8. Nf3 {[%emt 0:01:30]} c6 {[%emt 0:00:30]} 9. O-O {[%emt 0:01:30]} d5 {[%emt 0:01:30]} 10. Ne2 {[%emt 0:06:30]} O-O {[%emt 0:04:30]} 11. d4 {[%emt 0:06:30]} Na6 {[%emt 0:04:30]} 12. Bf4 {[%emt 0:04:30]} Bd6 {[%emt 0:04:30]} 13. Rfe1 {[%emt 0:04:30]} Nc7 {[%emt 0:02:30]} 14. c3 {[%emt 0:07:30]} Re8 {[%emt 0:04:30]} 15. Bxd6 {[%emt 0:08:30]} Nxd6 {[%emt 0:00:30]} 16. Ng3 {[%emt 0:00:30]} f6 {[%emt 0:08:30]} 17. Rxe8+ {[%emt 0:03:30]} Ncxe8 {[%emt 0:00:30]} 18. Re1 {[%emt 0:01:30]} Kf7 {[%emt 0:01:30]} 19. Nd2 {[%emt 0:08:30]} Nc7 {[%emt 0:13:30]} 20. Nge4 {[%emt 0:03:30]} Nde8 {[%emt 0:06:30]} 21. Nc5 {[%emt 0:06:30]} b6 {[%emt 0:10:30]} 22. Nd3 {[%emt 0:00:30]} Ne6 {[%emt 0:01:30]} 23. f3 {[%emt 0:08:30]} Nd6 {[%emt 0:07:30]} 24. Kf2 {[%emt 0:00:57]} Ba6 {[%emt 0:02:52]} 25. Nb4 {[%emt 0:00:51]} Bb7 {[%emt 0:00:21]} 26. a4 {[%emt 0:03:44]} a5 {[%emt 0:02:08]} 27. Nc2 {[%emt 0:03:50]} Nf4 {[%emt 0:01:45]} 28. Ne4 {[%emt 0:04:04]} Nxe4+ {[%emt 0:04:56]} 29. Rxe4 {[%emt 0:00:36]} Nd3+ {[%emt 0:00:19]} 30. Kg3 {[%emt 0:02:05]} Nc1 {[%emt 0:00:54]} 0-1